| 000 | 00425nam a22001817a 4500 | ||
|---|---|---|---|
| 003 | NUST - PNEC | ||
| 005 | 20170116180852.0 | ||
| 008 | 150826b xxu||||| |||| 00| 0 eng d | ||
| 020 | _a- | ||
| 040 | _cLIBRARY | ||
| 082 | _a540 QAM | ||
| 100 |
_95780 _aQamar iqbal |
||
| 245 |
_aChemistry for engineers and technologist _cQamer iqbal |
||
| 250 | _a- | ||
| 260 | _c- | ||
| 650 |
_95782 _aChemistry _xME |
||
| 942 |
_2ddc _cBK |
||
| 999 |
_c64669 _d64669 |
||